Árvavára Schloss Arva

Bibliographic Details
Format: Image
Language:Hungarian
Published: Teschen Feitzinger Ede 1917
Subjects:

MARC

LEADER 00000nkm a2200000 a 4500
001 vtls001436005
003 SK-MaSNL
005 20260302035640.0
008 200701s1917 xr g 0k|hun
035 |a SNK000391101 
040 |a SNK  |b slo  |c SNK  |e AACR2 
041 0 |a hun 
044 |a xr  |c CZ 
245 0 0 |a Árvavára  |h grafika  |b Schloss Arva 
260 |a Teschen  |b Feitzinger Ede  |c 1917 
610 2 7 |a Oravský hrad (Oravský Podzámok, Slovensko)  |2 SNKKA  |9 32353 
655 7 |a miestne pohľadnice  |2 SNKPH  |9 70510 
958 |a GBN 
958 |a ONDV 
958 |a GC 
999 |c 1071502  |d 1073432 
952 |t P60, <03>, [BOOK], {604}  |a SNK  |b SNK  |y PREZ  |7 0  |o snkSP 151117  |i snkPV 430/2002  |0 0  |1 0  |4 0  |d 2002-06-11  |l 0  |r 2005-01-02 00:00:00  |w 2026-02-24